Discursos [de Efraín González Morfín] /

Gardado en:
Detalles Bibliográficos
Autor Principal: González Morfín, Efraín (autor)
Formato: Libro
Idioma:Lingua castelá
Publicado: México : Epessa, 1998, c1998
Series:(Ideología Epessa)
Temas:
Etiquetas: Engadir etiqueta
Sen Etiquetas, Sexa o primeiro en etiquetar este rexistro!

MARC

LEADER 00000nam^a2200000^a^4500
001 000273954
005 20250521000000.0
009 20260310111147.752
020 |a 968-6302-65-4 
037 |a Acervo ITESO - Biblioteca 
041 |a ESP 
082 |a 324. 272  |b PAN CAM 1970 V. 3 
100 |a González Morfín, Efraín  |e (autor) 
245 1 0 |a Discursos [de Efraín González Morfín] /  |c E. González Morfín ; pról. de Florentina Villalobos. 
264 4 |a México :  |b Epessa,  |c 1998, c1998 
300 |a 327 p. 
336 |a texto  |b txt  |2 rdacontenido 
337 |a sin mediación  |b n  |2 rdamedio 
338 |a volumen  |b nc  |2 rdasoporte 
440 1 |a (Ideología Epessa) 
561 |a Ex libris de Ignacio González Luna 
649 |a XX 
650 |a Políticos Jaliscienses -  |x Discursos 
650 |a Políticos Mexicanos -  |x Discursos 
650 |a Candidatos Políticos Jaliscienses -  |x Discursos 
650 |a Candidatos Políticos Mexicanos -  |x Discursos -  |x Tema Principal 
650 |a Partido Acción Nacional -  |z México 
650 |a Partidos Políticos -  |z México -  |x Historia -  |y 1964-1970 
650 |a Campaña Electoral -  |z México -  |x Historia -  |y 1964-1970 -  |x Tema Principal 
650 |a Elecciones -  |z México -  |x Historia -  |y 1964-1970 
650 |a Política -  |z México -  |x Historia -  |y 1964-1970 
650 |a México -  |x Condiciones Políticas 
650 |a González Morfín, Efraín -  |x Tema Principal 
910 |a Fondo General 
920 |a Impresos - Libros 
930 |a Colección General 
905 |a 101 
901 |a 0500159639  |b IT1  |c ACC  |u 20250521 
902 |a https://opac.biblio.iteso.mx/vufind/Record/000273954